000 00928nam a2200253 i 4500
001 7625
003 ES-MaACL
005 20250902221927.0
007 t|
008 910307s1990 sp |||| | spa d
020 _a84-7434-609-6
080 _a338.2(100)"1945/..."
245 0 0 _aAjuste estructural y comportamiento de la economia /
_cOrganizacion de Cooperacion y Desarrollo Economico.
260 _aMadrid :
_bMinisterio de Trabajo y Seguridad Social,
_cD.L. 1990.
300 _a959 p. ;
_c22 cm.
490 1 _aColección Informes OCDE ;
_v34
650 1 7 _aAjuste estructural
_2embne
_9168021
650 4 _aPolítica económica-
_y1945-1989.
_9167692
710 2 _aOrganización de Cooperación y Desarrollo Económico.
_9167502
710 1 _aEspaña.
_bMinisterio de Trabajo y Seguridad Social.
_93936
830 0 _aColección Informes OCDE ;
_v34
_9227911
852 _aES-MaACL
_jL-14888
999 _c7625
_d7625